Statistics for Scotland International Footballers since 1946 Born OUTSIDE United Kingdom

Click here to take the quiz!

General Stats

  • This quiz has been taken 34 times
    (25 since last reset)
  • The average score is 2 of 8

Answer Stats

Cap(s)Year(s)Club(s)BirthplacePLAYER% Correct
472005-16Celtic, Aston Villa (ENG), Wigan Athletic (ENG), Chicago Fire (USA), Hull City (ENG)MalaysiaShaun Maloney
72%
611983-93Dundee United, Tottenham Hotspur (ENG), RangersSwedenRichard Gough
68%
122016-19CelticIsle of ManKieran Tierney
56%
11975CelticIndiaPaul Wilson
36%
11946Heart of MidlothianUnited StatesJimmy Walker
8%
191956-60Charlton Athletic (ENG)South AfricaJohn Hewie
8%
11953RangersCanadaJohn Little
0%
21954Sunderland (ENG)AustraliaWillie Fraser
0%

Score Distribution

Percentile by Number Answered

Percent of People with Each Score

Your Score History

You have not taken this quiz since the last reset